[Event "SVK-chT 2324"]
[Site "Slovakia"]
[Date "2023.11.04"]
[Round "1.5"]
[White "Zpevak, Pavel"]
[Black "Mikrut, Dariusz"]
[Result "1/2-1/2"]
[WhiteElo "2319"]
[BlackElo "2320"]
[PlyCount "41"]
[EventDate "2023.11.04"]
[EventType "team-tourn"]
[EventRounds "11"]
[EventCountry "SVK"]
[SourceTitle "Mega2024 Update 01"]
[Source "Chessbase"]
[SourceDate "2023.11.12"]
[SourceVersion "1"]
[SourceVersionDate "2023.11.12"]
[SourceQuality "1"]
[WhiteTeam "Dubnica nad Vahom"]
[BlackTeam "Liptov Chess School"]
[WhiteTeamCountry "SVK"]
[BlackTeamCountry "SVK"]

1. d4 Nf6 2. c4 g6 3. Nc3 Bg7 4. Bg5 0-0 5. e3 h6 6. Bh4 c5 7. Nf3 cxd4 8. exd4 d5 9. Bxf6 Bxf6 10. cxd5 Bg4 11. Be2 Qb6 12. Qd2 Nd7 13. Ne5 Bxe5 14. Bxg4 f5 15. dxe5 fxg4 16. e6 Ne5 17. 0-0 Kh7 18. Rae1 Rf5 19. Ne4 Rd8 20. Kh1 Nc4 21. Qe2 1/2-1/2

[Event "SVK-chT1W 2223"]
[Site "Slovakia"]
[Date "2023.03.11"]
[Round "10.1"]
[White "Zpevak, Pavel"]
[Black "Schwarz, Dusan"]
[Result "1/2-1/2"]
[WhiteElo "2336"]
[BlackElo "2320"]
[PlyCount "26"]
[EventDate "2022.10.15"]
[EventType "team-tourn"]
[EventRounds "11"]
[EventCountry "SVK"]
[SourceTitle "EXT 2024"]
[Source "ChessBase"]
[SourceDate "2023.10.10"]
[SourceVersion "1"]
[SourceVersionDate "2023.10.10"]
[SourceQuality "1"]
[WhiteTeam "Dubnica nad Vahom II"]
[BlackTeam "Bratislava Doprastav"]
[WhiteTeamCountry "SVK"]
[BlackTeamCountry "SVK"]

1. d4 d5 2. c4 c6 3. Nf3 Nf6 4. cxd5 cxd5 5. Nc3 Nc6 6. Bf4 a6 7. e3 Bf5 8. Rc1 Rc8 9. Bd3 Bxd3 10. Qxd3 e6 11. 0-0 Be7 12. Ne5 Nxe5 13. Bxe5 0-0 1/2-1/2

[Event "CZE-chT2E 2223"]
[Site "Czech Republic"]
[Date "2023.03.05"]
[Round "10.1"]
[White "Volak, Simon"]
[Black "Zpevak, Pavel"]
[Result "0-1"]
[WhiteElo "2116"]
[BlackElo "2328"]
[PlyCount "140"]
[EventDate "2022.10.16"]
[EventType "team-tourn"]
[EventRounds "11"]
[EventCountry "CZE"]
[SourceTitle "EXT 2024"]
[Source "ChessBase"]
[SourceDate "2023.10.10"]
[SourceVersion "1"]
[SourceVersionDate "2023.10.10"]
[SourceQuality "1"]
[WhiteTeam "Brno Lokomotiva"]
[BlackTeam "Prusanky Podluzan"]
[WhiteTeamCountry "CZE"]
[BlackTeamCountry "CZE"]

1. e4 c5 2. Nf3 e6 3. d4 cxd4 4. Nxd4 a6 5. Bd3 Qc7 6. Qe2 d6 7. c4 Nf6 8. Nc3 g6 9. Be3 Bg7 10. 0-0 0-0 11. Rac1 b6 12. Rfd1 Bb7 13. b4 Nbd7 14. f3 Rac8 15. Nb3 Qb8 16. a4 Rfe8 17. Qf2 d5 18. c5 dxe4 19. Nxe4 Nxe4 20. Bxe4 Bxe4 21. fxe4 Nf6 22. Qf3 bxc5 23. Bxc5 Qe5 24. Rc4 Rcd8 25. Rcd4 Rxd4 26. Rxd4 Qc7 27. Rd6 Nd7 28. Rxa6 Nxc5 29. bxc5 Rb8 30. a5 Bf8 31. Qc3 Qf4 32. Rb6 Rd8 33. Qf3 Bxc5+ 34. Nxc5 Qc1+ 35. Kf2 Qxc5+ 36. Qe3 Qxa5 37. Rb3 Qe5 38. h3 Kg7 39. Rc3 Rd4 40. Kf3 Rxe4 41. Qxe4 Qxc3+ 42. Kf2 e5 43. Qb7 Qd2+ 44. Kf3 Qd4 45. Qc6 Qd3+ 46. Kf2 h5 47. Qc7 Qd4+ 48. Ke2 Qe4+ 49. Kf2 Qf4+ 50. Ke2 g5 51. Qc3 g4 52. hxg4 hxg4 53. Qc6 g3 54. Kd3 Qd4+ 55. Ke2 e4 56. Qb5 Qf2+ 57. Kd1 Qg1+ 58. Kd2 Qxg2+ 59. Kc1 Qg1+ 60. Kc2 Qf2+ 61. Kc1 Qf4+ 62. Kb1 e3 63. Qb2+ Kg6 64. Qb6+ Kg5 65. Qd8+ Kg4 66. Ka2 e2 67. Qc8+ Kf3 68. Qb7+ Qe4 69. Qb3+ Kg2 70. Qb2 f5 0-1

[Event "CZE-chT1E 2223"]
[Site "Czech Republic"]
[Date "2023.02.26"]
[Round "9.6"]
[White "Pakleza, Zbigniew"]
[Black "Zpevak, Pavel"]
[Result "1/2-1/2"]
[WhiteElo "2496"]
[BlackElo "2328"]
[PlyCount "20"]
[EventDate "2022.10.08"]
[EventType "team-tourn"]
[EventRounds "11"]
[EventCountry "CZE"]
[SourceTitle "CBM 213 Extra"]
[Source "ChessBase"]
[SourceDate "2023.05.31"]
[SourceVersion "1"]
[SourceVersionDate "2023.05.31"]
[SourceQuality "1"]
[WhiteTeam "Ostrava"]
[BlackTeam "Vlcnov"]
[WhiteTeamCountry "CZE"]
[BlackTeamCountry "CZE"]

1. e4 c5 2. Nf3 e6 3. g3 d5 4. exd5 exd5 5. Bg2 Nf6 6. 0-0 Be7 7. d4 0-0 8. dxc5 Bxc5 9. Nbd2 Nc6 10. Nb3 Bb6 1/2-1/2

[Event "SVK-chT1W 2122"]
[Site "Slovakia"]
[Date "2022.05.14"]
[Round "10.1"]
[White "Jakab, Bela"]
[Black "Zpevak, Pavel"]
[Result "1/2-1/2"]
[WhiteElo "2344"]
[BlackElo "2357"]
[PlyCount "28"]
[EventDate "2021.11.06"]
[EventType "team-tourn"]
[EventRounds "11"]
[EventCountry "SVK"]
[SourceTitle "EXT 2023"]
[Source "ChessBase"]
[SourceDate "2022.10.05"]
[SourceVersion "1"]
[SourceVersionDate "2022.10.05"]
[SourceQuality "1"]
[WhiteTeam "Komarno"]
[BlackTeam "Dubnica nad Vahom II"]
[WhiteTeamCountry "SVK"]
[BlackTeamCountry "SVK"]

1. e4 c5 2. c3 Nf6 3. e5 Nd5 4. d4 cxd4 5. cxd4 e6 6. Nf3 d6 7. Nc3 Nxc3 8. bxc3 Qc7 9. Bd2 Nd7 10. Qa4 Be7 11. Bd3 0-0 12. exd6 Bxd6 13. 0-0 b6 14. Rfe1 Bb7 1/2-1/2

[Event "CZE-chT1E 2122"]
[Site "Czech Republic"]
[Date "2022.03.27"]
[Round "11.4"]
[White "Jun, Rudolf"]
[Black "Zpevak, Pavel"]
[Result "1/2-1/2"]
[WhiteElo "2114"]
[BlackElo "2358"]
[PlyCount "152"]
[EventDate "2021.10.09"]
[EventType "team-tourn"]
[EventRounds "11"]
[EventCountry "CZE"]
[SourceTitle "EXT 2023"]
[Source "ChessBase"]
[SourceDate "2022.10.05"]
[SourceVersion "1"]
[SourceVersionDate "2022.10.05"]
[SourceQuality "1"]
[WhiteTeam "Chotebor"]
[BlackTeam "Vlcnov"]
[WhiteTeamCountry "CZE"]
[BlackTeamCountry "CZE"]

1. e4 c5 2. Nf3 e6 3. c4 Nc6 4. Nc3 a6 5. Be2 Nd4 6. d3 Ne7 7. Nxd4 cxd4 8. Nb1 Nc6 9. 0-0 Be7 10. Nd2 0-0 11. f4 d6 12. a3 a5 13. b3 Rb8 14. a4 f5 15. exf5 exf5 16. Ba3 d5 17. cxd5 Qxd5 18. Bf3 Qd8 19. Bxe7 Qxe7 20. Nc4 Qb4 21. Re1 Bd7 22. Bd5+ Kh8 23. Rc1 Rbe8 24. Ne5 Nxe5 25. fxe5 Be6 26. Bxe6 Rxe6 27. Qc2 Rfe8 28. Qc4 Qxc4 29. Rxc4 Rd8 30. Rc7 b6 31. Rf7 Kg8 32. Rxf5 Rd5 33. Kf2 b5 34. Rc1 h6 35. Re1 Rc5 36. Re4 bxa4 37. bxa4 Rd5 38. Rff4 Rc5 39. Kf3 Rc3 40. Rxd4 Rxe5 41. Rd8+ Kh7 42. Re4 Rf5+ 43. Rf4 Re5 44. Re4 Rf5+ 45. Ke3 Ra3 46. h4 h5 47. Rd7 Ra1 48. g4 Re1+ 49. Kd4 Rxe4+ 50. Kxe4 Rf1 51. gxh5 Rh1 52. Kf5 Rxh4 53. Kg5 Rxa4 54. h6 Ra1 55. Rxg7+ Kh8 56. Kf4 Rh1 57. Ra7 Rxh6 58. Rxa5 Rh4+ 59. Ke3 Kg7 60. Rf5 Kg6 61. Rf1 Kg7 62. d4 Kg6 63. Kd3 Rh8 64. d5 Rh4 65. Kc3 Ra4 66. Kd3 Kg7 67. Ke3 Kg6 68. Rf2 Rb4 69. Kd3 Ra4 70. Kc3 Kg7 71. d6 Ra6 72. Rd2 Ra8 73. Kc4 Kf7 74. d7 Ke7 75. Kc5 Kd8 76. Kc6 Ra6+ 1/2-1/2

[Event "CZE-chT1E 2122"]
[Site "Czech Republic"]
[Date "2021.12.12"]
[Round "5.2"]
[White "Zpevak, Pavel"]
[Black "Kanovsky, David"]
[Result "1/2-1/2"]
[WhiteElo "2358"]
[BlackElo "2426"]
[PlyCount "72"]
[EventDate "2021.10.09"]
[EventType "team-tourn"]
[EventRounds "11"]
[EventCountry "CZE"]
[SourceTitle "EXT 2023"]
[Source "ChessBase"]
[SourceDate "2022.10.05"]
[SourceVersion "1"]
[SourceVersionDate "2022.10.05"]
[SourceQuality "1"]
[WhiteTeam "Vlcnov"]
[BlackTeam "Stare Mesto"]
[WhiteTeamCountry "CZE"]
[BlackTeamCountry "CZE"]

1. d4 g6 2. c4 Bg7 3. Nf3 c5 4. d5 d6 5. e4 e6 6. Be2 exd5 7. cxd5 Nf6 8. Nc3 0-0 9. 0-0 Re8 10. Nd2 Nbd7 11. f4 a6 12. a4 Rb8 13. Kh1 h5 14. Ra3 Ng4 15. Nf3 b5 16. axb5 axb5 17. Nxb5 Ndf6 18. e5 Ne4 19. Kg1 dxe5 20. h3 Ng3 21. hxg4 Nxe2+ 22. Qxe2 exf4 23. Qc4 hxg4 24. Bxf4 Rxb5 25. Qxb5 gxf3 26. Raxf3 Bd4+ 27. Kh1 Bd7 28. Qb7 Bf5 29. Bh2 Qg5 30. d6 Qh4 31. Rxf5 gxf5 32. d7 Rd8 33. Qd5 Qe4 34. Qxf5 Qxf5 35. Rxf5 Rxd7 36. Bg1 Bxb2 1/2-1/2

[Event "CZE-chT1E 2122"]
[Site "Czech Republic"]
[Date "2021.11.27"]
[Round "3.3"]
[White "Zpevak, Pavel"]
[Black "Kociscak, Jiri"]
[Result "1-0"]
[WhiteElo "2358"]
[BlackElo "2484"]
[PlyCount "95"]
[EventDate "2021.10.09"]
[EventType "team-tourn"]
[EventRounds "11"]
[EventCountry "CZE"]
[SourceTitle "EXT 2023"]
[Source "ChessBase"]
[SourceDate "2022.10.05"]
[SourceVersion "1"]
[SourceVersionDate "2022.10.05"]
[SourceQuality "1"]
[WhiteTeam "Vlcnov"]
[BlackTeam "Brno Moravska Slavia II"]
[WhiteTeamCountry "CZE"]
[BlackTeamCountry "CZE"]

1. d4 f5 2. Nf3 Nf6 3. g3 g6 4. Bg2 Bg7 5. 0-0 0-0 6. b3 Ne4 7. Bb2 c5 8. Nbd2 Nc6 9. e3 d6 10. c4 Qa5 11. Nxe4 fxe4 12. Ne1 cxd4 13. exd4 Qg5 14. h4 Qf6 15. Nc2 Bf5 16. Qe1 e5 17. d5 Nd4 18. Nxd4 exd4 19. Rd1 Rae8 20. Bxd4 Qxd4 21. Rxd4 Bxd4 22. Qd2 Bb6 23. Re1 Re7 24. b4 Ref7 25. Qc3 Rc8 26. Re2 Rfc7 27. Bxe4 Rxc4 28. Qf3 Bd7 29. Bxg6 hxg6 30. Qf6 Rc1+ 31. Kh2 Rf1 32. Qxg6+ Kh8 33. Qh6+ Kg8 34. Qg6+ Kh8 35. Qh6+ Kg8 36. Kg2 Rcc1 37. Qg6+ Kh8 38. Qh6+ Kg8 39. Qg6+ Kh8 40. Qf6+ Kg8 41. Qg5+ Kh8 42. Qh5+ Kg8 43. Qg5+ Kh8 44. Qe7 Rg1+ 45. Kf3 Rc3+ 46. Kf4 Rc4+ 47. Kg5 Rg4+ 48. Kh6 1-0

[Event "SVK-chT 2122"]
[Site "Slovakia"]
[Date "2021.10.24"]
[Round "2.3"]
[White "Sepesi, Samuel"]
[Black "Zpevak, Pavel"]
[Result "0-1"]
[WhiteElo "2142"]
[BlackElo "2358"]
[PlyCount "62"]
[EventDate "2021.10.23"]
[EventType "team-tourn"]
[EventRounds "11"]
[EventCountry "SVK"]
[SourceTitle "CBM 204 Extra"]
[Source "ChessBase"]
[SourceDate "2021.11.30"]
[SourceVersion "1"]
[SourceVersionDate "2021.11.30"]
[SourceQuality "1"]
[WhiteTeam "Humenne Reinter"]
[BlackTeam "Dubnica nad Vahom"]
[WhiteTeamCountry "SVK"]
[BlackTeamCountry "SVK"]

1. e4 c5 2. Nf3 e6 3. d4 cxd4 4. Nxd4 a6 5. Bd3 g6 6. Nc3 Bg7 7. Be3 d6 8. Qd2 Nd7 9. 0-0-0 Ngf6 10. Be2 0-0 11. h4 Nc5 12. Bf3 Bd7 13. Nde2 Bc6 14. e5 Nfe4 15. Nxe4 Nxe4 16. Bxe4 Bxe4 17. f3 Bd5 18. exd6 Qxd6 19. Bh6 Qe5 20. Bxg7 Qxg7 21. Nc3 Bc6 22. h5 g5 23. h6 Qg6 24. Qd4 Rac8 25. Rd3 Rfe8 26. f4 g4 27. Rh4 Re7 28. Rg3 f5 29. Nd1 Kf7 30. Ne3 Qf6 31. Qb4 Qxh4 0-1

[Event "CZE-ch Betsys Online Blitz"]
[Site "Chess.com INT"]
[Date "2021.04.17"]
[Round "9"]
[White "Duda, Antonin"]
[Black "Zpevak, Pavel"]
[Result "0-1"]
[WhiteElo "2028"]
[BlackElo "2350"]
[PlyCount "66"]
[EventDate "2021.04.17"]
[EventType "swiss (blitz)"]
[EventRounds "13"]
[EventCountry "CZE"]
[SourceTitle "CBM 201 Extra"]
[Source "ChessBase"]
[SourceDate "2021.05.31"]
[SourceVersion "1"]
[SourceVersionDate "2021.05.31"]
[SourceQuality "1"]

1. e4 c5 2. Nf3 e6 3. d4 cxd4 4. Nxd4 a6 5. Nc3 Qc7 6. g3 Bb4 7. Nde2 Nf6 8. Bg2 0-0 9. 0-0 d6 10. a3 Ba5 11. b4 Bb6 12. Bb2 Nbd7 13. h3 Ne5 14. Rc1 Nc4 15. Ba1 Nxa3 16. Kh2 Nc4 17. Qd3 Bd7 18. Nd4 Rac8 19. f4 e5 20. Nf5 Bxf5 21. exf5 Rfe8 22. g4 Be3 23. Rce1 exf4 24. g5 Ne5 25. Qd1 Nfd7 26. Be4 Qc4 27. Qh5 d5 28. Bxd5 Qxb4 29. Ne4 Rxc2+ 30. Kh1 Qb5 31. Bxf7+ Nxf7 32. g6 hxg6 33. fxg6 Qxh5 0-1

[Event "CZE-ch Betsys Online Blitz"]
[Site "Chess.com INT"]
[Date "2021.04.17"]
[Round "4"]
[White "Ocelak, Jakub"]
[Black "Zpevak, Pavel"]
[Result "1/2-1/2"]
[WhiteElo "2043"]
[BlackElo "2350"]
[PlyCount "59"]
[EventDate "2021.04.17"]
[EventType "swiss (blitz)"]
[EventRounds "13"]
[EventCountry "CZE"]
[SourceTitle "CBM 201 Extra"]
[Source "ChessBase"]
[SourceDate "2021.05.31"]
[SourceVersion "1"]
[SourceVersionDate "2021.05.31"]
[SourceQuality "1"]

1. b3 d5 2. Bb2 Nf6 3. Nf3 Bg4 4. Ne5 Bh5 5. g3 e6 6. Bg2 Be7 7. 0-0 0-0 8. c4 c6 9. d3 Nbd7 10. Nd2 a5 11. a3 Bd6 12. Nxd7 Nxd7 13. Re1 Qe7 14. Nf3 e5 15. cxd5 cxd5 16. Nh4 Qe6 17. Qd2 Nc5 18. Qg5 Bg6 19. Nxg6 hxg6 20. Rab1 Rac8 21. d4 Nxb3 22. dxe5 Be7 23. Qe3 a4 24. Red1 Rfd8 25. h4 b5 26. Kh2 Bc5 27. Qf3 d4 28. Bh3 Qxe5 29. Bxc8 Rxc8 30. e3 1/2-1/2